000 00501nam a22001937a 4500
005 20230413152023.0
008 230413b ||||| |||| 00| 0 eng d
040 _cAL
041 _aEnglish
082 _223
_a381/319
_bRAMA
100 _aB S Raman
_988174
245 _aAccountancy
260 _aMangalore
_bUnited Publishers
_c1998
300 _a909 p.
_bPB
_c20.5x13.5 cm.
440 _aVolume II
_988176
650 _aSecond Year PUC
_988177
700 _aRAMAN (B S)
_988178
942 _2ddc
_cBK
999 _c227193
_d227193